[Event "Minsk ODM Team Cup U16"]
[Site "Minsk"]
[Date "2021.??.??"]
[Round "7.6"]
[White "Varankina, Victoriya"]
[Black "Shaban, Aliaksandra"]
[Result "0-1"]
[WhiteElo "1124"]
[BlackElo "1582"]
[PlyCount "98"]
[EventDate "2021.03.01"]
[EventType "team-tourn"]
[EventRounds "7"]
[EventCountry "BLR"]
[SourceTitle "EXT 2022"]
[Source "ChessBase"]
[SourceDate "2021.10.06"]
[SourceVersion "1"]
[SourceVersionDate "2021.10.06"]
[SourceQuality "1"]
[WhiteTeam "Vitebsk Region"]
[BlackTeam "Brest Region"]
[WhiteTeamCountry "BLR"]
[BlackTeamCountry "BLR"]

1. Nf3 Nf6 2. g3 d5 3. Bg2 g6 4. 0-0 Bg7 5. d4 0-0 6. b3 c6 7. Bb2 Bg4 8. Nc3 Bxf3 9. Bxf3 Nbd7 10. Bg2 e5 11. dxe5 Nxe5 12. e3 Re8 13. Qd2 Qc7 14. Rfd1 Rad8 15. Qe2 Neg4 16. Qf3 h5 17. Qf4 Qe7 18. h3 Bh6 19. Qf3 Ne5 20. Qe2 Qe6 21. Na4 b6 22. Bxe5 Qxe5 23. Qd3 Ne4 24. Bxe4 dxe4 25. Qxd8 Rxd8 26. Rxd8+ Kh7 27. Rad1 b5 28. R8d7 Kg7 29. Kg2 bxa4 30. Rxa7 axb3 31. cxb3 Qe6 32. b4 Bg5 33. Rdd7 Bf6 34. a4 Bc3 35. b5 cxb5 36. axb5 Be1 37. Kf1 Bb4 38. Kg2 Bc5 39. Rab7 Qf5 40. Rdc7 Bd6 41. Rd7 Bc5 42. Rdc7 h4 43. g4 Qf3+ 44. Kg1 Bd6 45. Rd7 Qxh3 46. Rxd6 Qxg4+ 47. Kf1 h3 48. Rdd7 Kh6 49. Rxf7 Qd1# 0-1